00321 a2200109 4500001001000000005001700010008004100027245004300068100002100111773006200132999001700194ART_2228320260410161928.0260409a 10a"Ni una sola cosa ha cambiado... nada"1 aVan Marle, Karin0 tDerechos humanosg- Año II, Nº 4 (nov. 2013)wREV22278 c28318d28318